In the land of the lawn weenies and other misadventures / (Record no. 6)

MARC details
000 -LEADER
fixed length control field 01930cam a22003613a 4500
001 - CONTROL NUMBER
control field 13511072
003 - CONTROL NUMBER IDENTIFIER
control field FISKH
005 - DATE AND TIME OF LATEST TRANSACTION
control field 20230224102829.0
008 - FIXED-LENGTH DATA ELEMENTS--GENERAL INFORMATION
fixed length control field 040303s2003 nyu c 000 1 eng d
010 ## - LIBRARY OF CONGRESS CONTROL NUMBER
LC control number 2004266452
020 ## - INTERNATIONAL STANDARD BOOK NUMBER
International Standard Book Number 0765345706
035 ## - SYSTEM CONTROL NUMBER
System control number (OCoLC)ocm52452735
040 ## - CATALOGING SOURCE
Original cataloging agency IOU
Transcribing agency IOU
Modifying agency OCLCQ
-- DLC
-- FISKH
Language of cataloging eng
050 00 - LIBRARY OF CONGRESS CALL NUMBER
Classification number PZ7
Item number .L96775
082 ## - DEWEY DECIMAL CLASSIFICATION NUMBER
Classification number 808.83
100 1# - MAIN ENTRY--PERSONAL NAME
Personal name Lubar, David.
245 10 - TITLE STATEMENT
Title In the land of the lawn weenies and other misadventures /
Statement of responsibility, etc. David Lubar.
250 ## - EDITION STATEMENT
Edition statement 1st Starscape ed.
260 ## - PUBLICATION, DISTRIBUTION, ETC.
Place of publication, distribution, etc. New York :
Name of publisher, distributor, etc. Starscape,
Date of publication, distribution, etc. 2003.
300 ## - PHYSICAL DESCRIPTION
Extent 240 p.
Dimensions 20 cm.
500 ## - GENERAL NOTE
General note "A Tom Doherty Associates book."
505 00 - FORMATTED CONTENTS NOTE
Title Fairy in a jar --
-- The touch --
-- At the wrist --
-- Crizzles --
-- Light as a feather, stiff as a board --
-- The evil tree --
-- Kidzilla --
-- Everyone's a winner --
-- A little off the top --
-- The slide --
-- Big kids --
-- Your worst nightmare --
-- Phone ahead --
-- Sand sharks --
-- On the road --
-- The language of beasts --
-- Class trip --
-- Collared --
-- The substitute --
-- The vampire's rat --
-- Slugs --
-- Snakeland --
-- Burger and fries --
-- Game over --
-- Smunkies --
-- Pretty Polly --
-- Join the party --
-- The billion legger --
-- The battle-ax --
-- In the land of the lawn weenies --
-- Sunburn --
-- Thin silk --
-- The witch's monkey --
-- As you say --
-- Hide --
-- Where does all this stuff come from?
521 1# - TARGET AUDIENCE NOTE
Target audience note 570
Source Lexile
521 1# - TARGET AUDIENCE NOTE
Target audience note K
Source Raz-Plus
650 #0 - SUBJECT ADDED ENTRY--TOPICAL TERM
Topical term or geographic name entry element Horror tales, American
Form subdivision Juvenile fiction.
650 #0 - SUBJECT ADDED ENTRY--TOPICAL TERM
Topical term or geographic name entry element Short stories, American
Form subdivision Juvenile fiction.
650 #1 - SUBJECT ADDED ENTRY--TOPICAL TERM
Topical term or geographic name entry element Horror stories.
856 42 - ELECTRONIC LOCATION AND ACCESS
Materials specified Contributor biographical information
Uniform Resource Identifier <a href="http://www.loc.gov/catdir/enhancements/fy0667/2004266452-b.html">http://www.loc.gov/catdir/enhancements/fy0667/2004266452-b.html</a>
856 42 - ELECTRONIC LOCATION AND ACCESS
Materials specified Publisher description
Uniform Resource Identifier <a href="http://www.loc.gov/catdir/enhancements/fy0667/2004266452-d.html">http://www.loc.gov/catdir/enhancements/fy0667/2004266452-d.html</a>
856 41 - ELECTRONIC LOCATION AND ACCESS
Materials specified Sample text
Uniform Resource Identifier <a href="http://www.loc.gov/catdir/enhancements/fy1207/2004266452-s.html">http://www.loc.gov/catdir/enhancements/fy1207/2004266452-s.html</a>
906 ## - LOCAL DATA ELEMENT F, LDF (RLIN)
a 7
b cbc
c copycat
d 2
e ncip
f 20
g y-gencatlg
942 ## - ADDED ENTRY ELEMENTS (KOHA)
Source of classification or shelving scheme Library of Congress Classification
Koha item type Books
Suppress in OPAC No
Holdings
Withdrawn status Lost status Source of classification or shelving scheme Damaged status Not for loan Collection Home library Current library Shelving location Date acquired Total Checkouts Full call number Barcode Date last seen Date last checked out Price effective from Koha item type
    Dewey Decimal Classification     Juvenile Fiction Footprints International School Library Network Toul Kork Campus Footprints International School Library Network Toul Kork Campus TK Primary Library Room(4th Floor), Bookcase 3&4, Shelves 17-32, Yellow Books 02/24/2023 3 LUB 808.83 PZ7.L96775 FISTK00575 03/20/2026 01/30/2026 02/24/2023 Books